00447nam a2200169Ia 4500008004100000100002000041245005800061245001900119260002400138260000900162300001300171440002400184650001400208650001200222650002100234650002200255190425s9999 xx 000 0 und d aFernandez, Rudy aCalamansi trading center to rise in Oriental Mindoro/ cRudy Fernandez bThe Philippine Star c2018 aMarch 25 aThe Philippine Star acalamansi afarming aOriental Mindoro atrading companies